LEADER 01693nam 2200433 450 001 000012592 005 20050718115500.0 010 $a3-540-56737-2 100 $a20030428d1993----km-y0itay0103----ba 101 0 $aeng 102 $aDE 200 1 $aWell-posed optimization problems$fA. L. Dontchev, T. Zolezzi 210 $aBerlin [etc.]$cSpringer$dc1993 215 $aXII, 421 p.$d25 cm. 225 2 $aLecture notes in mathematics$v1543 410 0$12001$aLecture notes in mathematics 606 $aCalcolo delle variazioni 676 $a519.3$v(21. ed.)$9Teoria dei giochi 691 $a49-02$9Calculus of variations and optimal control; optimization. Research exposition 691 $a49K40$9Calculus of variations and optimal control; optimization. Necessary conditions and sufficient conditions for optimality. Sensitivity, stability, well-posedness 700 1$aDontchev,$bA. L.$0441097 701 1$aZolezzi,$bT.$0441098 801 0$aIT$bUniversità della Basilicata - B.I.A.$gRICA$2unimarc 912 $a000012592 996 $aWell-posed optimization problems$978690 997 $aUNIBAS BAS $aMONSCI BAS $aSCIENZE CAT $aEXT002$b01$c20030428$lBAS01$h1121 CAT $aEXT002$b01$c20030513$lBAS01$h1546 CAT $aEXT002$b01$c20030513$lBAS01$h1638 CAT $aEXT002$b01$c20030513$lBAS01$h1638 CAT $c20050601$lBAS01$h1755 CAT $abatch$b01$c20050718$lBAS01$h1051 CAT $c20050718$lBAS01$h1110 CAT $c20050718$lBAS01$h1140 CAT $c20050718$lBAS01$h1155 FMT Z30 -1$lBAS01$LBAS01$mBOOK$1BASA5$ADipartimento Matematica$2GEN$BCollezione generale$3MAT$62840$5M2840$820030428$f51$FRiservati LEADER 01370nam2-2200397---450- 001 990000972480203316 005 20050502110139.0 010 $a3-598-22206-8 035 $a0097248 035 $aUSA010097248 035 $a(ALEPH)000097248USA01 035 $a0097248 100 $a20020221d1990----km-y0ITAy01------ba 101 $aeng$afre 105 $aa|||z|||101yy 200 1 $aIncontro con il cinema russo$a<> Novissimi del cinema italiano$e29. Incontri Internazionali del cinema$eSorrento, 7-11 dicembre 1993 210 $aMunchen$cK.G. Saur$dc1990 215 $a93 p.$cill.$d25 cm 606 0 $aCinematografo$yUnione Sovietica 676 $a791.43094 710 12$aIncontri internazionali del cinema$d<29.;$f1993;$eSorrento>$0552852 801 0$aIT$bsalbc$cISBD$gISBD 912 $a990000972480203316 951 $aXIII.2. 1426(XVI P 68)$b138193 LM$cXVI P$d00081589 959 $aBK 969 $auma 979 $aPATTY$b90$c20020221$lUSA01$h0952 979 $c20020403$lUSA01$h1739 979 $aCHIARA$b90$c20020528$lUSA01$h1709 979 $aCHIARA$b90$c20020528$lUSA01$h1710 979 $aANGELA$b90$c20020828$lUSA01$h1030 979 $aPATRY$b90$c20040406$lUSA01$h1707 979 $aCOPAT3$b90$c20050502$lUSA01$h1101 996 $aIncontro con il cinema russo$9972346 996 $aNovissimi del cinema italiano$9972347 997 $aUNISA LEADER 01132nam 2200337 450 001 9910819612403321 005 20240122164153.0 010 $a1-118-10364-5 010 $a1-118-10366-1 010 $a0-470-87354-X 035 $a(CaSebORM)9781118103647 035 $a(MiAaPQ)EBC697945 035 $a(EXLCZ)9924989740900041 100 $a20141031h20112011 uy 0 101 0 $aeng 135 $aur||||||||||| 200 14$aThe ABCs of evaluation $etimeless techniques for program and project managers /$fby John Boulmetis and Phyllis Dutwin 210 1$aSan Francisco :$cJohn Wiley & Sons,$d2011. 215 $a1 online resource (307 pages) 225 1 $aResearch Methods for the Social Sciences ;$v46 320 $aIncludes bibliographical references and index. 410 0$aResearch methods for the social sciences ;$v46. 606 $aManagement$xEvaluation 615 0$aManagement$xEvaluation. 676 $a658.4/032 700 $aBoulmetis$b John$01624979 701 $aDutwin$b Phyllis$01624980 906 $aBOOK 912 $a9910819612403321 996 $aThe ABCs of evaluation$93960234 997 $aUNINA